[Event "Mondiale Lampo FIDE 2015"]
[Site "Berlino"]
[Date "13.10.2015"]
[Round "1.2"]
[White "Vachier-Lagrave, Maxime"]
[Black "Bologan, Viktor"]
[Result "1-0"]
[WhiteElo "2758"]
[BlackElo "2607"]
[PlyCount "53"]
[EventDate "2015.10.13"]

1. e4 e5 2. Nf3 Nc6 3. Bb5 Nf6 4. O-O Nxe4 5. Re1 Nd6 6. Nxe5 Nxe5 7. Rxe5+ Be7
8. Nc3 O-O 9. Bd3 Bf6 10. Re3 g6 11. b3 c6 12. Ba3 Qc7 13. Qf3 Bd4 14. Rae1 c5
15. Bb2 Qd8 16. Re7 Re8 17. Qxf7+ Nxf7 18. Rxe8+ Kg7 19. Rxd8 Nxd8 20. Ba3 Ne6
21. Nb5 Bf6 22. Nd6 Be7 23. Bxc5 b6 24. Nf5+ gxf5 25. Bxe7 f4 26. Be4 Rb8 27.
Bd6 1-0